000 01474nam a2200385 i 4500
001 14186
003 KOSZ 005
005 20221121132804.0
008 070712s1970 pl a f 001 0 pol
015 _aPB 6135/70
040 _aWA N
_cWA N
_dKOSZ 005/RW
_dKOSZ 005/HR
041 1 _apol
_heng
080 _a621.313
080 _a537.8
100 1 _aMeisel, Jerome
_eAutor
245 1 0 _aZasady elektromechanicznego przetwarzania energii /
_cJerome Meisel ; tłumaczenie z angielskiego Ryszard Sochocki, Jerzy Borkowski.
246 1 _iTytuł oryginału:
_aPrinciples of electromechanical-energy conversion.
260 _aWarszawa :
_bWydawnictwa Naukowo-Techniczne,
_c1970.
300 _a646, [1] stron :
_bilustracje ;
_c25 cm.
336 _2rdacontent
_aTekst
_btxt
337 _2rdamedia
_aBez urządzenia pośredniczącego
_bn
338 _2rdacarrier
_aWolumin
_bnc
380 _aKsiążki
388 _a1901-2000
504 _aBibliografia na stronach 633-[635]. Indeks.
658 _aInżynieria i technika
658 _aFizyka i astronomia
650 4 _aPole elektromagnetyczne
650 4 _aMaszyny elektryczne
700 1 _aSochocki, Ryszard.
_eTłumaczenie
700 1 _aBorkowski, Jerzy
_c(nauki techniczne).
_eTłumaczenie
710 2 _aWydawnictwa Naukowo-Techniczne
_4pbl.
856 _uhttp://koha.tu.koszalin.pl/cgi-bin/koha/opac-detail.pl?biblionumber=14186
_yKatalog online BPK
942 _2UKD
_cKS
999 _c14186
_d14186